00555nam a22001337a 4500003000500000038001800005082000800023100002700031245021500058264003300273650001800306700004000324856005700364NUST aNusrat Nadeem a200 aGhazi, Muhammad Waqas  aVISIT TO UNIVERSITY OF SOUTHAMPTON MALAYSIA & PELABUHAN TANJUNG PELEPAS Sdn Bhd (PTP) – A PREMIER TRANSHIPMENT COMPANY IN MALAYSIA UNDER THE INTERNATIONAL EXPOSURE PROGRAM OF NUST-NBS/cMuhammad Waqas Ghazi,  aIslamabad:bNBS NUST.c2025. aExecutive MBA aSupervisor: Dr. Muhammad Adil Iqbal uhttp://10.250.8.41:8080/xmlui/handle/123456789/55026